000 00266nam a22001217a 4500
008 180208b xxu||||| |||| 00| 0 eng d
041 _aeng
080 _a2
100 _a24
101 _aTEO
245 _aThe bible its origing and nature
_cDods,M
942 _2udc
_cBK
999 _c42070
_d42070